LEADER 01009nam a2200217 u 4500 001 000000020489 003 CaOOAMICUS 005 20070226110915.0 008 070226s1947 it u000 u lat u 035 $a10500937 040 $aPUL$bita 110 2 $aPapi.$0(OLS)http://pul/name/5229 245 10$aBullarium Ordinis clericorum regularium ministrantium infirmis. :$bDocumentorum collectio quinta ...typis mandata a. 1947. 260 $aVeronae :$btypis officinae typograficae Arena,$c1947. 300 $a386 p. ;$c26 cm 500 $aIn testa al front.: Petrus Kraemer. 850 $aPUL 852 $aPUL$W1$xDP2 Filosofia 1$y62$m136 E 51$j28786$nBK-PRI$b $qStampati$B28786$CPULBib$Z2$F28786 $HPUL57115 $81 941 1 $a8 996 $6245$aBullarium Ordinis clericorum regularium ministrantium infirmis. :$bDocumentorum collectio quinta ...typis mandata a. 1947$9(OLS)http://pul/title/28832 996 $6260$aVeronae :$btypis officinae typograficae Arena$9(OLS)http://pul/publisher/56636 LEADER 01398nam a2200325 a 4500 001 000000149661 003 CaOOAMICUS 005 20160224090030.0 008 160224s2014 it u000 u ita r 020 $z978-88-21-751516* 032 $aLibriCat 040 $aPUL$bita 082 04$a348 245 00$aProcedimento amministrativo /$ca cura di Marcello Clarich, Giuliano Fonderico. 260 $aMilanofiori Assago :$bWolters Kluwer,$cİ2014. 300 $aXXV, 925 p. ;$c24 cm. 490 1 $aItinera. Guide giuridiche. Amministrativo 500 $aSul front.: Studio legale Clarich. 650 4$aDiritto amministrativo$zItalia.$0(OLS)http://pul/subject/8339 700 1 $aFonderico, Giuliano.$0(OLS)http://pul/name/95385 700 1 $aClarich, Marcello.$0(OLS)http://pul/name/26925 830 0$aItinera$pGuide giuridiche (Ipsoa).$pAmministrativo.$0(OLS)http://pul/title/170107 850 $aPUL 852 $aPUL$W1$xSL Diritto e Scienze Sociali 3$y79$m348 COLL 3.12$j172313$qDDC 21$B173963$CPULBib$Z2$F173963 $H127266 $81 941 1 $a9 996 $6020$z978-88-21-751516*$9(OLS)http://pul/number/159835 996 $6082$a348$9(OLS)http://pul/classification/2532 996 $6245$aProcedimento amministrativo$9(OLS)http://pul/title/188685 996 $6260$aMilanofiori Assago :$bWolters Kluwer$9(OLS)http://pul/publisher/81463